[Event "Let's Play Chess!"]
[Site "http://www.queenalice.com/game.php?id=1865360"]
[Date "2025.11.10"]
[Round "-"]
[White "josebaron"]
[Black "alow_proton"]
[Result "1-0"]
[WhiteElo "2181"]
[BlackElo "1623"]

1. e4 c5 2. Nf3 d6 3. Bb5+ Bd7 4. Bxd7+ Nxd7 5. O-O Ngf6 6. Re1 e5 7. c4 Be7 8.
Nc3 O-O 9. Nd5 Nxd5 10. cxd5 f5 11. d3 f4 12. a4 a5 13. Nd2 Nf6 14. Kh1 Qc7 15.
Nc4 Rab8 16. Bd2 b6 17. Na3 Ne8 18. Qg4 Rf6 19. g3 Qc8 20. Qxc8 Rxc8 21. gxf4
exf4 22. Nc4 Rb8 23. Ra3 Bd8 24. Rb3 Rf7 25. Nxa5 Ra8 26. Nc6 Rb7 27. Nxd8 Rxd8
28. Bxf4 Nc7 29. a5 Ne8 30. a6 Rbb8 31. a7 Rb7 32. Ra1 Ra8 33. Kg2 Kf7 34. e5
Ke7 35. Ra6 dxe5 36. Bxe5 Raxa7 37. Rbxb6 Rxb6 38. Rxb6 Ra8 39. Rc6 Ra5 40. h4
h6 41. f4 Rb5 42. h5 Rxb2+ 43. Bxb2 1-0

[Event "Let's Play Chess!"]
[Site "http://www.queenalice.com/game.php?id=1865373"]
[Date "2025.11.10"]
[Round "-"]
[White "alow_proton"]
[Black "josebaron"]
[Result "0-1"]
[WhiteElo "1660"]
[BlackElo "2171"]

1. e4 e5 2. f4 exf4 3. Nf3 Be7 4. Bc4 Bh4+ 5. Ke2 d6 6. d3 Bg4 7. Bxf4 Bxf3+ 8.
Kxf3 Nc6 9. c3 Ne5+ 10. Bxe5 dxe5 11. g3 Bf6 12. Kg2 Ne7 13. Rf1 O-O 14. Qe2 a6
15. Nd2 b5 16. Bb3 c5 17. Nf3 Qd7 18. Rad1 Rad8 19. Qe3 Qc7 20. Qe2 g6 21. a3
Kg7 22. Rc1 Ng8 23. c4 Qd6 24. Rcd1 Rd7 25. Ne1 h5 26. h3 h4 27. g4 Bg5 28. Nf3
Bf4 29. Nxh4 Nh6 30. Kh1 Rh8 31. Ng2 Nf5 32. gxf5 Rxh3+ 33. Kg1 Qd4+ 34. Rf2
Bh2+ 35. Kf1 Bg3 36. Qe3 Rh1+ 37. Ke2 Qxb2+ 38. Qd2 Qxd2+ 39. Kxd2 Rxd1+ 40.
Kxd1 Bxf2 41. Ke2 Bg3 42. fxg6 fxg6 43. Ne3 Bf4 44. Nd5 Bc1 45. a4 bxa4 46. Bxa4
Rb7 47. Kd1 Bb2 48. Kc2 Bd4 49. Bb3 g5 50. Nc3 Bxc3 51. Kxc3 g4 52. Bd1 g3 53.
Bf3 a5 54. d4 cxd4+ 55. Kc2 a4 0-1

[Event "AUTO-OPEN-4624"]
[Site "http://www.queenalice.com/game.php?id=1865582"]
[Date "2025.11.15"]
[Round "1"]
[White "josebaron"]
[Black "Capixaba789"]
[Result "1/2-1/2"]
[WhiteElo "2189"]
[BlackElo "1858"]

1. e4 e5 2. Nf3 d6 3. d4 exd4 4. Nxd4 Nf6 5. Nc3 Be7 6. Bd3 Bg4 7. Nf3 O-O 8.
O-O Nc6 9. h3 Bd7 10. Re1 Ne5 11. Nxe5 dxe5 12. Bg5 Bc6 13. Bxf6 Bxf6 14. a4 Qe7
15. Nd5 Qd8 16. Nxf6+ Qxf6 1/2-1/2

[Event "AUTO-OPEN-4624"]
[Site "http://www.queenalice.com/game.php?id=1865583"]
[Date "2025.11.15"]
[Round "1"]
[White "Capixaba789"]
[Black "josebaron"]
[Result "1/2-1/2"]
[WhiteElo "1871"]
[BlackElo "2179"]

1. d4 d5 2. Nc3 Nf6 3. f4 e6 4. Nf3 Bb4 5. Bd2 O-O 6. e3 c5 7. Bb5 cxd4 8. exd4
a6 9. Bd3 Nc6 10. O-O Bxc3 11. Bxc3 Ne4 12. Bd2 Nxd2 13. Qxd2 f5 14. c3 Bd7 15.
Ne5 Nxe5 16. fxe5 Bc6 17. a3 Qb6 18. Rab1 Qd8 1/2-1/2

[Event "AUTO-OPEN-4626"]
[Site "http://www.queenalice.com/game.php?id=1866092"]
[Date "2025.11.24"]
[Round "1"]
[White "josebaron"]
[Black "Magnaroc"]
[Result "1-0"]
[WhiteElo "2192"]
[BlackElo "1416"]

1. e4 e5 2. Nf3 Nc6 3. d4 exd4 4. Nxd4 Qh4 5. Nc3 Bb4 6. Nxc6 Bxc3+ 7. bxc3
Qxe4+ 8. Be3 Qxc6 9. c4 Nf6 10. a4 O-O 11. Qd4 Re8 12. Bd3 Qxg2 13. O-O-O Qc6
14. Rhg1 Kh8 15. Rxg7 Kxg7 16. Rg1+ Kf8 17. Bh6+ Ke7 18. Bg5 Qd6 19. Bxf6+ Qxf6
20. Re1+ Qe6 21. Rxe6+ dxe6 22. Qh4+ Kf8 23. Qxh7 Bd7 24. Qh6+ Ke7 25. Qg5+ Kd6
26. c5+ Kc6 27. Be4# 1-0

[Event "AUTO-OPEN-4627"]
[Site "http://www.queenalice.com/game.php?id=1866269"]
[Date "2025.11.28"]
[Round "1"]
[White "cerenzo72"]
[Black "josebaron"]
[Result "1/2-1/2"]
[WhiteElo "2155"]
[BlackElo "2181"]

1. c4 e5 2. g3 Nf6 3. Bg2 Bc5 4. e3 Nc6 5. Ne2 O-O 6. O-O d5 7. cxd5 Nxd5 8.
Nbc3 Nxc3 9. bxc3 Bg4 10. Re1 Re8 11. Qb3 Rb8 12. Qc4 Bxe2 13. Rxe2 Qd6 1/2-1/2

[Event "AUTO-OPEN-4627"]
[Site "http://www.queenalice.com/game.php?id=1866270"]
[Date "2025.11.28"]
[Round "1"]
[White "josebaron"]
[Black "cerenzo72"]
[Result "1-0"]
[WhiteElo "2193"]
[BlackElo "2162"]

1. e4 e5 2. Nf3 d6 3. Bc4 Be7 4. d4 exd4 5. Nxd4 Nf6 6. Nc3 O-O 7. O-O b6 8. Re1
Bb7 9. Nf5 Qd7 10. Nxe7+ Qxe7 11. Bg5 Nbd7 12. Bd3 Qe5 13. f4 Qc5+ 14. Kh1 g6
15. Qf3 Nh5 16. Bb5 c6 17. Be2 Ng7 18. Rad1 Ne6 19. Bh6 Rfe8 20. f5 Nd4 21. Qh3
Nxe2 22. Rxe2 Rad8 23. Qg3 Nf6 24. Qh4 Qe5 25. Bf4 Qe7 26. Bg5 Kg7 27. Rf1 Rf8
28. fxg6 fxg6 29. Ref2 Rde8 30. Rxf6 c5 31. Rxf8 Rxf8 32. Bh6+ 1-0

[Event "AUTO-OPEN-4611"]
[Site "http://www.queenalice.com/game.php?id=1866433"]
[Date "2025.12.1"]
[Round "2"]
[White "josebaron"]
[Black "SGF"]
[Result "1-0"]
[WhiteElo "2197"]
[BlackElo "1760"]

1. e4 e5 2. Nf3 Qf6 3. Bc4 d6 4. d4 Be7 5. dxe5 dxe5 6. Bg5 Qg6 7. Bxe7 Nxe7 8.
Nc3 Bg4 9. h3 Bxf3 10. Qxf3 Nbc6 11. O-O h5 12. Nb5 Rc8 13. Rad1 a6 14. Nc3 Nd4
15. Rxd4 exd4 16. Nd5 Nxd5 17. Bxd5 c6 18. Bb3 c5 19. a4 b5 20. axb5 axb5 21.
Bd5 O-O 22. b3 c4 23. bxc4 bxc4 24. Qe2 c3 25. f4 Qb6 26. Qd3 Kh8 27. f5 f6 28.
Rd1 Kh7 29. Qxd4 Qxd4+ 30. Rxd4 Rfd8 31. Kf2 g5 32. fxg6+ Kxg6 33. Kf3 Ra8 34.
Rd3 Rac8 35. Ke3 Kg5 36. h4+ Kxh4 37. Kf4 Ra8 38. Rh3# 1-0